000 00608nam a2200193 4500
001 117452
003 ES-MaACL
007 t|
008 070214s1922 sp r ||||1| spa d
100 1 _aPechmann, H. V.
_9218330
245 1 0 _aAnálisis químico cuantitativo /
_cpor H. V. Pechmann, O. Hönigschmid y E. Zintl ; traducido por Antonio García Banús.
260 _aMadrid :
_bCalpe,
_c1922.
300 _a162 p. :
_bil ;
_c18 cm.
700 1 _aHónigschmid, O.
_964129
700 1 _aZintl, E.
_9118294
700 1 _aGarcía Banús, Antonio.
_954218
852 _aES-MaACL
_jB-3779
999 _c117452
_d117452